000 00943cab a2200265 4500
001 ABS44264
008 090401t1991 xxu||||| |||| 00| 0 eng d
035 _a(Sirsi) u46237
041 _aeng
100 _aAdams, J. E.
245 _aDangers of section 34 in rent review disregards
260 _c1991
350 _a0
490 _aEstates Gazette
_v(9108) 2 March 1991, 72-140(2)
520 _aReviews recent case law brought under Landlord and Tenant Act 1954 s34 which relates to tenants improvements , tenants occupation and goodwill in rent review .
650 _aBRETT V BRETT ESSEX GOLF CLUB
650 _aDISREGARDS
650 _aFORTE AND CO LTD V GENERAL ACCIDENT LIFE ASSURANCE LTD
650 _aHAMBROS BANK EXECUTOR AND TRUSTEE CO LTD V SUPERDRUG STORES LTD
650 _aIMPROVEMENTS
650 _aPONSFORD V HMS AEROSOLS LTD
690 _aLANDLORD AND TENANT-RENT REVIEWS
942 _n0
948 _c04/03/1997
999 _c29259
_d29259